[Event "EU-ch U16"]
[White "Hajialiyev, Islam"]
[Black "Nemec, Jachym"]
[Site "Prague"]
[Round "7"]
[Result "1/2-1/2"]
[Date "2024.08.29"]
[WhiteElo "2173"]
[BlackElo "2414"]
[PlyCount "145"]
[EventDate "2024.08.22"]
[EventType "swiss"]
[EventRounds "9"]
[EventCountry "CZE"]
[SourceTitle "CBM 221 Extra"]
[Source "ChessBase"]
[SourceDate "2024.09.30"]
[SourceVersion "1"]
[SourceVersionDate "2024.09.30"]
[SourceQuality "1"]

1. e4 c6 2. d4 d5 3. exd5 cxd5 4. Bd3 Nf6 5. c3 Bg4 6. Qb3 Qc7 7. Ne2 Bxe2 8. Bxe2 e6 9. Bg5 Ne4 10. Be3 Bd6 11. Nd2 Nxd2 12. Bxd2 Nd7 13. h3 0-0 14. 0-0 Nb6 15. Bd3 Bf4 16. Bxf4 Qxf4 17. Rfe1 Rab8 18. Re3 Nc8 19. a4 Nd6 20. Qb4 Rfd8 21. Rae1 Qh4 22. Re5 Rd7 23. Qb3 Rc8 24. Qd1 g6 25. Qe2 Kg7 26. Re3 a6 27. Rf3 Kg8 28. Kh2 Rb8 29. Qe5 b5 30. axb5 axb5 31. g3 Qh6 32. Rf4 Qg7 33. Qe2 b4 34. Ra1 bxc3 35. bxc3 Rc8 36. Ra3 Rdc7 37. Qb2 Qf8 38. Rf3 Rb8 39. Qa2 Qd8 40. Kg2 Rbc8 41. Be2 Ne4 42. Qc2 Nd6 43. Qa2 Rb8 44. h4 Rcb7 45. Bd3 Rb2 46. Qa1 R2b3 47. h5 Rxa3 48. Qxa3 Rc8 49. hxg6 hxg6 50. Re3 Rc6 51. Be2 Qc7 52. Qc1 Qb6 53. Qa3 Rc7 54. Qa8+ Kg7 55. Qd8 Rc6 56. Qxb6 Rxb6 57. Bd3 Rb3 58. Be2 Rb2 59. Bd3 Kf6 60. Re2 Rxe2 61. Bxe2 Ne4 62. c4 Nd6 63. cxd5 exd5 64. Bd3 Ke6 65. Kf3 Nc8 66. Ke3 Ne7 67. Be2 Nf5+ 68. Kd3 Nd6 69. Bd1 f6 70. Bb3 Nc8 71. Kc3 Ne7 72. Kd3 Kd6 73. Ba4 1/2-1/2

[Event "EU-ch U16"]
[White "Hajialiyev, Islam"]
[Black "Prazak, Daniel"]
[Site "Prague"]
[Round "6"]
[Result "0-1"]
[Date "2024.08.28"]
[WhiteElo "2173"]
[BlackElo "2261"]
[PlyCount "92"]
[EventDate "2024.08.22"]
[EventType "swiss"]
[EventRounds "9"]
[EventCountry "CZE"]
[SourceTitle "CBM 221 Extra"]
[Source "ChessBase"]
[SourceDate "2024.09.30"]
[SourceVersion "1"]
[SourceVersionDate "2024.09.30"]
[SourceQuality "1"]

1. Nf3 d5 2. g3 c6 3. Bg2 Bf5 4. d4 h6 5. 0-0 e6 6. c4 Nf6 7. Nc3 Be7 8. Nd2 0-0 9. e4 dxe4 10. Ndxe4 Nbd7 11. Be3 Nxe4 12. Nxe4 Nf6 13. Nc3 Qb6 14. Qe2 Ng4 15. c5 Qb4 16. a3 Qb3 17. Bf4 Rad8 18. h3 Nf6 19. Rad1 Rfe8 20. Rfe1 Nd5 21. Nxd5 exd5 22. Qd2 Bf6 23. Be3 Re7 24. Rc1 Rde8 25. Rc3 Qa4 26. Rec1 Qa5 27. b4 Qd8 28. Bf1 Qd7 29. Kh2 Be4 30. Re1 Bf3 31. Rcc1 Qf5 32. a4 Be4 33. Be2 Bg5 34. Bg4 Qg6 35. Bxg5 hxg5 36. Rc3 f5 37. Bd1 g4 38. h4 Qh5 39. f3 Bxf3 40. Rxe7 Rxe7 41. Bxf3 gxf3 42. Qf4 Qg4 43. Qxf3 Re2+ 44. Kh1 Qh3+ 45. Kg1 Re1+ 46. Kf2 Qf1# 0-1

[Event "EU-ch U16"]
[White "Cnejev, Vladimir Alexandru"]
[Black "Hajialiyev, Islam"]
[Site "Prague"]
[Round "2"]
[Result "0-1"]
[Date "2024.08.23"]
[WhiteElo "2343"]
[BlackElo "2173"]
[PlyCount "142"]
[EventDate "2024.08.22"]
[EventType "swiss"]
[EventRounds "9"]
[EventCountry "CZE"]
[SourceTitle "CBM 221 Extra"]
[Source "ChessBase"]
[SourceDate "2024.09.30"]
[SourceVersion "1"]
[SourceVersionDate "2024.09.30"]
[SourceQuality "1"]

1. e4 e6 2. d4 d5 3. e5 c5 4. c3 Qb6 5. Nf3 Nc6 6. Bd3 cxd4 7. 0-0 Bd7 8. Re1 Rc8 9. Nbd2 dxc3 10. bxc3 Na5 11. Rb1 Qc7 12. Qe2 Ne7 13. Nd4 a6 14. N2f3 Nc4 15. h4 b5 16. h5 h6 17. Bf4 Qa5 18. Rbc1 Nc6 19. Nxc6 Bxc6 20. Nd4 Bd7 21. Kh1 Ba3 22. Rc2 Be7 23. Qg4 Bf8 24. Kh2 Kd8 25. Qf3 Be8 26. Bf1 Bc5 27. Nb3 Qa4 28. Qg3 Bf8 29. Bd3 Rc7 30. Nd4 Kc8 31. Rce2 Qa5 32. Rc1 Qb6 33. Rb1 Qa5 34. Rc1 Bd7 35. Kh1 Kb7 36. Kh2 Ka8 37. Kh1 Nb6 38. Rec2 Nc4 39. Re2 Qa3 40. Kh2 Nb6 41. Nb3 Na4 42. Bb1 Qe7 43. Kg1 Qd8 44. Bd2 Qc8 45. Re3 Be8 46. Rf3 Nb6 47. Bd3 Nc4 48. Bf4 Qb8 49. Re1 Bc6 50. Nd4 Bb7 51. Rb1 Qc8 52. Re1 Nb6 53. Bb1 Nd7 54. Bd2 Nc5 55. Qf4 Ne4 56. Bxe4 dxe4 57. Rg3 Bd5 58. Ra1 Be7 59. Qe3 f5 60. Rxg7 Bg5 61. Rxc7 Qxc7 62. Qe1 Rg8 63. Bxg5 Rxg5 64. Qe3 Qg7 65. g3 f4 66. Qxf4 e3 67. c4 exf2+ 68. Kxf2 Bxc4 69. a4 Rxe5 70. axb5 Bd5 71. Rxa6+ Kb7 0-1